000 00358cam a2200145ua 4500
041 _aeng
_h
082 _a823.308
_bCOO/WH
100 _aCoolidge , Susan .
245 _aWhat katy did next /
_cSusan coolidge.
_hTextual Documents
260 _a :
_bE J Arnold and son ltd ,
_c1959.
300 _a96 ; .
504 _a
942 _cBK
999 _c4312
_d4312